Deuteronomium 4 : literarische Analyse und theologische Interpretation / Dietrich Knapp.
Record details
- ISBN: 3-525-87386-3
- Physical Description: viii, 226 s. ; 25 cm.
- Publisher: Göttingen : Vandenhoeck & Ruprecht, c1987.
Content descriptions
| General Note: | Originally presented as the author's thesis (dissertation)--G©œttinger Georg-August-Universit©Þt, 1986. |
| Bibliography, etc. Note: | Bibliography: p. 211-226. |
Search for related items by subject
| Subject: | Bible. O.T. Deuteronomy IV > Criticism, interpretation, etc. |
Search for related items by series
Available copies
- 1 of 1 copy available at Common Catalog SPOK.
Holds
- 0 current holds with 1 total copy.
Show Only Available Copies
| Location | Call Number / Copy Notes | Barcode | Shelving Location | Status | Due Date |
|---|---|---|---|---|---|
| ETS Library | 222.15 | 424470016177 | Volný výběr | Available | - |
| LDR | 01054nam a2200289 a 4500 | ||
|---|---|---|---|
| 001 | 42557 | ||
| 003 | CZ-PrJAB | ||
| 005 | 20180214173148.0 | ||
| 008 | 880208s1987 gw e b 00010 ger | ||
| 010 | . | ‡a 87201658 | |
| 020 | . | ‡a3-525-87386-3 | |
| 035 | . | ‡a(CONS)13466 | |
| 035 | . | ‡a(CaOOAMICUS)000007929040 | |
| 040 | . | ‡aDLC ‡beng ‡cDLC ‡dCaOONL | |
| 050 | 0 | . | ‡aBS1275.2 ‡b.K63 1987 |
| 082 | 0 | . | ‡a222.15 |
| 100 | 1 | 0. | ‡aKnapp, Dietrich. |
| 245 | 1 | 0. | ‡aDeuteronomium 4 : ‡bliterarische Analyse und theologische Interpretation / ‡cDietrich Knapp. |
| 260 | 0 | . | ‡aGöttingen : ‡bVandenhoeck & Ruprecht, ‡cc1987. |
| 300 | . | ‡aviii, 226 s. ; ‡c25 cm. | |
| 440 | 0. | ‡aGöttinger theologische Arbeiten ; ‡vBd. 35 | |
| 500 | . | ‡aOriginally presented as the author's thesis (dissertation)--G©œttinger Georg-August-Universit©Þt, 1986. | |
| 504 | . | ‡aBibliography: p. 211-226. | |
| 630 | 0 | 0. | ‡aBible. ‡pO.T. ‡pDeuteronomy IV ‡xCriticism, interpretation, etc. |
| 740 | 0 | 1. | ‡aDeuteronomium vier. |
| 852 | 4 | . | ‡bETS ‡bETS ‡cVolný výběr ‡j222.15 ‡p424470016177 ‡y$50.00 |
| 910 | . | ‡aABG450 | |
| 999 | . | ‡a13466 ‡c13466 ‡tbiblio | |
| 905 | . | ‡uadmin | |
| 901 | . | ‡a42557 ‡b ‡c42557 ‡tbiblio ‡sets | |